000 00687nam a22002177a 4500
999 _c3123
_d3123
003 AR-CdUCM
008 190306b ||||| |||| 00| 0 spa d
040 _aMUNICIPALIDAD PROVINCIAL DEL CUSCO
_cBIBLIOTECA MUNICIPAL DEL CUSCO
082 _a891.74 /
_bS66
100 _aSolzhenitsyn, Aleksandr
_910540
245 _aUn día de la vida de Iván Denisovich /
260 _aBarcelona :
_bPlaza & Janes Editores,
_c1972.
300 _a155 paginas ;
_c18 cm.
505 _aContenido :Novela.
650 _aNovelas rusas
_92132
650 _aSiglo XX
_98
650 _aTraducciones al español
_91053
700 _aFerrer Aleu, J (traductor)
_91054
942 _2ddc
_cLIBROS
945 _arum